000 00306nam a22001217a 4500
020 _a9789351112556
082 _a621.402
_bDEV/TH
100 _aDevesh Kumar Dixit
_9285
245 _aThermodynamics And Statistical Mechanics
260 _aNew Delhi
_bRandom Publications
_c2014
300 _a284
942 _cBK
999 _c14223
_d14223